[Event "FIDE Zonal 2.5 Open 2019"]
[Site "Montevideo"]
[Date "2019.04.14"]
[Round "3.1"]
[White "Mareco, Sandro"]
[Black "Henriquez Villagra, Cristobal"]
[Result "1/2-1/2"]
[WhiteElo "2651"]
[BlackElo "2543"]
[Annotator "TA"]
[PlyCount "66"]
[EventDate "2019.04.13"]
[EventType "swiss"]
[EventCountry "URU"]
[SourceTitle "playchess.com"]
[Source "ChessBase"]
[SourceQuality "1"]

{[%evp 28,66,29,23,18,11,14,10,16,14,2,14,4,13,13,3,13,13,13,13,13,13,13,15,11,14,22,10,30,22,40,0,0,0,0,0,0,0,0,0,0]} 1. c4 c6 2. Nf3 d5 3. e3 Nf6 4. Nc3 e6 5. d4 Nbd7 6. Qc2 Bd6 7. Be2 O-O 8. O-O dxc4 9. Bxc4 Qe7 10. h3 e5 11. Bb3 Bc7 12. Bd2 {D46: Semi-Slav: 5 e3 Nbd7 6 Bd3, Black avoids the Meran} h6 13. Nh4 (13. Rad1 Re8 14. Nh4 Nf8 15. Nf5 Bxf5 16. Qxf5 e4 17. h4 Rad8 18. a3 Qd7 19. Qxd7 N8xd7 {1-0 (66) Duda,J (2697)-Adhiban,B (2670) Khanty-Mansiysk 2017}) 13... Rd8 14. Nf5 Qf8 15. Rad1 {LiveBook: 4 Games. Threatens to win with Nb5.} exd4 16. exd4 {With the idea Rde1.} Nb6 17. Rfe1 {Strongly threatening Ne7+.} Bxf5 18. Qxf5 Qd6 $146 {[%mdl 2048] Black is not keeping still} ({Predecessor:} 18... Nbd5 19. Nxd5 Nxd5 {0-1 (69) Schachinger,M (2416)-Di Nicolantonio,L (2417) Zillertal 2015}) 19. g3 {Black must now prevent Ne4.} Qd7 20. Qf3 Nbd5 21. Kg2 Re8 22. Na4 Bd6 23. Nc5 Bxc5 24. dxc5 Rxe1 25. Rxe1 Re8 26. Rxe8+ Qxe8 27. Bc2 a6 28. Qd3 Kf8 29. f4 Qe7 {The position is equal.} 30. b4 a5 31. a3 axb4 32. axb4 h5 33. Kf1 Qe8 {Accuracy: White = 78%, Black = 62%.} 1/2-1/2

[Event "FIDE Zonal 2.5 Open 2019"]
[Site "Montevideo"]
[Date "2019.04.14"]
[Round "3.2"]
[White "Krysa, Leandro"]
[Black "Delgado Ramirez, Neuris"]
[Result "1/2-1/2"]
[WhiteElo "2498"]
[BlackElo "2616"]
[Annotator "TA"]
[PlyCount "83"]
[EventDate "2019.04.13"]
[EventType "swiss"]
[EventCountry "URU"]
[SourceTitle "playchess.com"]
[Source "ChessBase"]
[SourceQuality "1"]

{[%evp 15,83,3,17,9,9,3,0,0,10,0,0,0,0,-17,-13,-6,0,0,0,0,0,0,0,0,0,0,0,0,5,5,7,0,0,0,0,0,0,0,0,0,0,0,0,0,0,0,0,0,0,-4,0,0,0,0,24,23,23,23,23,28,30,23,34,24,34,22,29,18,21,26]} 1. d4 Nf6 2. c4 e6 3. Nc3 Bb4 4. Qc2 d5 5. cxd5 Qxd5 6. Nf3 Qf5 7. Qxf5 exf5 8. a3 Be7 9. Bg5 {E34: Nimzo-Indian: Classical: 4...d5} c6 10. g3 $146 ({Predecessor:} 10. e3 Be6 11. Nd2 Nbd7 12. Bc4 Nd5 13. Bxe7 Kxe7 14. Bxd5 cxd5 15. f3 Rhc8 16. Kf2 Rc6 {½-½ (44) Ivanchuk,V (2781)-Topalov,V (2777) Bilbao 2008}) 10... Nbd7 11. Bg2 a5 12. e3 h6 13. Bxf6 Nxf6 14. Ke2 Be6 15. Ne5 Nd7 16. Nxd7 {[#] Ne5 is the strong threat.} Bc4+ 17. Kd2 Kxd7 18. Na4 {aiming for Nb6+.} Kc7 19. Rhc1 Be6 20. Nc5 Rhd8 21. b4 Bd5 22. Bxd5 Rxd5 23. Nd3 g5 24. Kc3 h5 25. Kc4 Bf6 26. Kb3 Be7 27. Kc4 Bf6 28. Kb3 Be7 29. Rab1 Rh8 30. Ka4 Rb5 31. Kb3 Rd5 32. Ka4 Rb5 33. Kb3 Rd5 34. Rc2 h4 35. Kc4 hxg3 36. hxg3 axb4 37. axb4 Ra8 38. Kb3 Bd6 39. Rh1 f4 40. Rh7 Rf8 $1 41. gxf4 gxf4 42. Nc5 {Accuracy: White = 74%, Black = 71%.} 1/2-1/2

[Event "FIDE Zonal 2.5 Open 2019"]
[Site "Montevideo"]
[Date "2019.04.14"]
[Round "3.3"]
[White "Peralta, Fernando"]
[Black "Tristan, Leonardo"]
[Result "1/2-1/2"]
[WhiteElo "2572"]
[BlackElo "2504"]
[Annotator "TA"]
[PlyCount "106"]
[EventDate "2019.04.13"]
[EventType "swiss"]
[EventCountry "URU"]
[SourceTitle "playchess.com"]
[Source "ChessBase"]
[SourceQuality "1"]

{[%evp 9,106,0,10,5,13,0,4,-4,4,4,31,6,29,30,29,37,22,28,37,12,13,10,39,0,87,82,101,112,117,103,121,116,259,231,212,98,111,106,103,75,114,80,80,76,78,0,0,0,0,0,0,0,0,0,0,0,5,7,20,0,8,0,4,0,25,8,8,8,152,156,135,142,150,30,30,0,0,0,0,0,0,0,0,0,0,0,0,0,0,0,0,0,0,0,0,0,0,0,0]} 1. d4 d5 2. c4 e6 3. Nc3 a6 4. e3 (4. cxd5 exd5 5. Nf3 h6 6. Bf4 Nf6 7. e3 Bd6 8. Bxd6 Qxd6 9. Qc2 O-O 10. Bd3 Re8 11. h3 Be6 12. O-O Nbd7 13. a4 {½-½ (40) Shankland,S (2725)-Carlsen,M (2835) Wijk aan Zee 2019}) 4... Nf6 5. Nf3 b6 6. cxd5 {D31: Queen's Gambit Declined: Semi-Slav without ...Nf6 (+ Marshall Gambit and Noteboom) and Exchange Variation lines without ...Nf6} exd5 7. Bd3 Bb7 8. O-O Bd6 9. Qc2 Qe7 10. Nd2 $146 (10. Re1 $5 {[%cal Re3e4]} Ne4 11. Qb3 $11) ({Predecessor:} 10. b3 Nbd7 11. Bb2 O-O 12. Rac1 Ne4 13. Ne2 Rac8 14. Ng3 g6 {0-1 (84) Danielian,E (2419)-Tan,Z (2523) China 2018}) 10... c5 11. e4 $1 {[%cal Re4e5]} c4 12. Bxc4 dxc4 13. e5 O-O $1 14. exd6 Qxd6 15. Nxc4 Qxd4 16. Qe2 (16. Ne2 $5 {[%cal Re2d4]} Qc5 17. Ne3 $11) 16... Nbd7 (16... b5 $1 $11 17. Na5 Qb6) 17. Be3 Qh4 18. Nd6 $36 {[%mdl 2048] White is on the roll.} Bd5 19. Rfd1 Be6 20. h3 Qb4 (20... Rfd8 $16) 21. Rd4 Qa5 {[#]} 22. b4 (22. f4 $1 $18 {has better winning chances.}) 22... Qh5 $16 23. Qxh5 Nxh5 24. f4 f5 25. g4 fxg4 26. f5 $1 {[%cal Rf5e6]} Ne5 {White must now prevent ...Nf3+.} 27. hxg4 (27. fxe6 $16 {And now e7 would win.} Nf3+ 28. Kh1 Ng3+ 29. Kg2 Nxd4 30. Bxd4) 27... Nf3+ $11 {[%mdl 64] Double Attack} 28. Kg2 Nxd4 29. Bxd4 Nf4+ 30. Kg3 $1 {[%cal Rg3f4]} Rad8 31. Kxf4 {Strongly threatening Ke5.} Rxd6 32. Ke5 $1 {[%csl LRd6,LRe6][%cal Re5d6][%mdl 64] [#] Double Attack} Rxd4 $1 {[%mdl 512]} 33. Kxd4 {[%mdl 4096] Endgame KRB-KRN} Bf7 34. Na4 h5 35. Nxb6 hxg4 36. a4 Bh5 37. Nd5 g3 38. Rg1 Bf3 (38... Rd8 $1 $11 {keeps the balance.} 39. Ke4 Be8) 39. Rxg3 $16 Bxd5 40. Kxd5 Rxf5+ {KR-KR} 41. Ke4 (41. Kc6 $16) 41... Rh5 $11 42. Rf3 g5 {The position is equal.} 43. Kf5 Rh4 44. Rb3 {aiming for Ke6.} g4 45. Rg3 Kf7 46. Kg5 Rh8 47. Rxg4 Rg8+ 48. Kf5 {Rxg8 would kill now.} Rxg4 49. Kxg4 Ke6 50. Kf4 (50. a5 $5 {[%cal Rb4b5]} Kd5 51. Kf4 $11) 50... Kd5 51. Ke3 {Kd3 is the strong threat.} Kc4 52. b5 axb5 53. axb5 Kxb5 {Accuracy: White = 51%, Black = 62%.} 1/2-1/2

[Event "FIDE Zonal 2.5 Open 2019"]
[Site "Montevideo"]
[Date "2019.04.14"]
[Round "3.4"]
[White "Roselli Mailhe, Bernardo"]
[Black "Pichot, Alan"]
[Result "1/2-1/2"]
[WhiteElo "2454"]
[BlackElo "2566"]
[Annotator "TA"]
[PlyCount "104"]
[EventDate "2019.04.13"]
[EventType "swiss"]
[EventCountry "URU"]
[SourceTitle "playchess.com"]
[Source "ChessBase"]
[SourceQuality "1"]

{[%evp 10,104,45,17,7,7,11,-12,10,10,15,7,15,-2,10,8,14,9,19,6,16,18,25,16,21,0,10,0,27,14,8,18,15,0,0,0,0,0,18,0,0,0,0,0,0,0,16,0,0,0,0,0,0,0,0,0,0,0,0,0,197,0,0,6,26,-120,0,-150,-74,-75,0,0,0,0,0,0,0,0,25,0,0,0,0,0,0,0,0,0,0,0,0,0,0,0,0,0,0]} 1. d4 Nf6 2. c4 e6 3. Nf3 b6 4. a3 Bb7 5. Nc3 g6 6. g3 Bg7 {E12: Queen's Indian: Unusual White 4th moves, 4 a3, 4 Nc3 Bb7 5 a3 and 4 Nc3 Bb7} 7. Bg2 Ne4 8. Bd2 Nxd2 (8... d5 {keeps more tension.} 9. cxd5 exd5 10. h4 O-O 11. h5 Nd7) 9. Qxd2 O-O 10. O-O d6 11. Rfd1 $146 ({Predecessor:} 11. d5 e5 12. e4 f5 13. Ng5 Bh6 14. h4 {0-1 (43) Wang,Y (2736)-Tomashevsky,E (2689) Sochi 2009}) 11... a5 12. b3 Nd7 13. Rac1 Qb8 14. Qc2 h6 15. e3 Rc8 16. Nd2 c6 17. a4 d5 18. Qd3 f5 19. f4 Qd6 20. Nf3 Qb4 21. cxd5 Ba6 22. Qb1 cxd5 23. Na2 Qa3 24. Rxc8+ Rxc8 25. Rc1 Rxc1+ 26. Nxc1 Nf6 27. Bf1 Bb7 28. h3 Ne4 29. Kg2 Bf8 30. Qc2 Bd6 31. Bb5 g5 32. Nd3 Bb8 33. Nf2 gxf4 34. gxf4 Nd6 $2 (34... Qe7 $11 {and Black stays safe.}) 35. Bd3 $2 ({Only move:} 35. Bd7 $18) 35... Qb4 36. Ne5 Nc4 37. Kf3 (37. Qe2 $11 {remains equal.}) 37... Qe1 (37... Bxe5 $1 $17 38. fxe5 Qe1) 38. Nd1 ({White has to play} 38. bxc4 $11 dxc4+ 39. Be4 fxe4+ 40. Kg2 Bxe5 41. Qxc4) 38... Nd2+ (38... Bxe5 $142 39. fxe5 Kf7) 39. Kg2 $17 Ne4 (39... Bxe5 $1 $17 40. fxe5 {[#]} Nc4 $1 {[%mdl 512]}) 40. Bxe4 $1 $11 fxe4 ({Reject} 40... dxe4 $6 41. Qc4 $16) 41. Kh2 Qf1 42. Nc3 Ba6 43. Qg2+ Qxg2+ 44. Kxg2 Bxe5 {The position is equal.} 45. dxe5 {[%mdl 4096] Endgame KB-KN} Bd3 46. Nb5 Bxb5 47. axb5 {KP-KP} Kg7 48. h4 Kg6 49. Kg3 h5 $1 {[#] aiming for ...Kf5.} 50. Kf2 Kf5 {...Kg4 is the strong threat.} 51. Kg3 Kg6 {White must now prevent ...Kf5.} 52. Kf2 Kf5 {Accuracy: White = 46%, Black = 51%.} 1/2-1/2

[Event "FIDE Zonal 2.5 Open 2019"]
[Site "Montevideo"]
[Date "2019.04.14"]
[Round "3.5"]
[White "Perez Ponsa, Federico"]
[Black "Salinas Herrera, Pablo"]
[Result "1/2-1/2"]
[WhiteElo "2562"]
[BlackElo "2483"]
[Annotator "TA"]
[PlyCount "227"]
[EventDate "2019.04.13"]
[EventType "swiss"]
[EventCountry "URU"]
[SourceTitle "playchess.com"]
[Source "ChessBase"]
[SourceQuality "1"]

{[%evp 21,227,7,0,0,-6,-13,29,-17,5,0,7,2,5,0,8,0,11,0,0,-7,0,-4,8,7,6,11,15,12,3,9,31,50,40,40,40,37,31,34,39,18,56,62,93,96,92,92,96,88,85,88,89,68,111,111,112,121,111,106,108,106,112,101,108,66,66,66,95,52,95,61,93,95,80,87,95,79,87,36,39,36,72,54,78,54,95,94,95,95,95,95,95,95,95,16,16,16,16,16,16,8,8,8,8,8,8,8,8,8,8,8,8,8,16,16,16,16,16,8,16,16,16,16,16,16,16,0,16,16,16,16,16,8,16,16,16,8,16,16,16,16,16,0,16,8,16,16,16,0,16,0,16,8,8,8,8,8,8,0,8,8,8,8,8,8,8,8,8,8,8,8,16,16,16,16,16,16,16,16,16,8,8,8,16,8,8,8,8,0,0,0,8,8,8,8,8,8,8,8,8,8,8,0,8,0,0,0,0,0]} 1. e4 e5 2. Nf3 Nc6 3. Bc4 Nf6 4. d3 Bc5 5. c3 O-O 6. Nbd2 d6 7. O-O a5 {C54: Giuoco Piano: 4 c3 Nf6, main lines with 5 d4 and 5 d3} 8. h3 h6 9. Re1 Be6 10. Bb5 Qb8 11. Bxc6 $146 (11. Nf1 Qa7 12. Be3 Bxe3 13. Nxe3 Ne7 14. a4 Ng6 15. Bc4 Bxc4 16. Nxc4 {1-0 (64) Karjakin,S (2753)-Svidler,P (2737) St Petersburg 2018}) ({Predecessor:} 11. Nf1 Qa7 12. Re2 a4 13. Bxc6 bxc6 {1-0 (80) Raghunandan,K (2404)-Mohota,N (2268) Abu Dhabi 2018}) 11... bxc6 {LiveBook: 6 Games} 12. Nf1 a4 13. Ng3 Qa7 14. Re2 Bb6 15. d4 Bc4 16. Re1 Rfe8 17. Be3 exd4 18. Bxd4 Re6 19. Bxb6 Qxb6 20. Nd4 Re5 21. b3 axb3 22. axb3 Rxa1 23. Qxa1 Bxb3 24. Rb1 Ra5 25. Qb2 $36 {[%mdl 2048] White has the initiative.} Ba2 26. Qxb6 cxb6 27. Rxb6 c5 28. Ndf5 Ra3 29. Rxd6 Be6 30. c4 Rc3 31. Ne3 Bxc4 32. e5 Ne8 33. Rd8 Bb5 34. Ne4 Rc1+ 35. Kh2 Kh7 36. Rc8 (36. Rb8 {is interesting.} Bc6 37. Nd2 Ra1 38. Rc8 Bd7 39. Rxc5 f6 40. Ndc4) 36... Bd7 37. Rxc5 Rxc5 38. Nxc5 $16 {[%mdl 4096] Endgame KBN-KNN} Bc6 39. Nf5 Nc7 40. Nd6 Bd5 41. f4 h5 42. g4 hxg4 43. hxg4 Kg8 44. Kg3 Bc6 45. Nb3 Na6 46. Nd4 Bd5 47. N4f5 Kf8 48. Ne3 Bc6 49. Nd1 (49. g5 $16) 49... Nc5 $14 50. Nf2 Nd7 51. Nd3 Ba4 52. Ne4 Nb6 53. Nec5 Bc6 54. f5 Ke7 55. Nb4 Ba8 56. Kf4 Ke8 57. f6 ({Better is} 57. Nb3 $16) 57... gxf6 $11 {The position is equal.} 58. exf6 Nd5+ 59. Nxd5 Bxd5 {KB-KN} 60. Ke5 Bc4 61. Kd6 {And now Kc7 would win.} Be2 62. g5 Bc4 63. Kc7 {aiming for Ne4.} Bd5 64. Nd7 Be6 65. Ne5 Bf5 66. Nc4 {[#] White wants to mate with Nd6+.} Kf8 (66... Bc2 {with more complications.} 67. Kc6 Be4+ 68. Kc5 Kd7 69. Nd6 Bg6) 67. Kd8 $1 Be6 68. Ne5 Bb3 69. Nd7+ Kg8 70. Ke7 Bc4 71. Ne5 Bb3 72. Ng4 Kh7 73. Ne5 Kg8 74. Nd3 Ba2 75. Nf4 Bb3 76. Ng2 Bc4 77. Nh4 Bb3 78. Nf3 Ba2 79. Ke8 Bd5 80. Ne5 Bb3 81. Nf3 Bd5 82. Nh4 Bb3 83. Ke7 Ba2 84. Ng2 Bd5 85. Nf4 (85. Ne3 {is more complex.} Bb3 86. Ke8 Kh7 87. Ng4 Bd5 88. Kf8) 85... Bc4 86. Kd6 {Threatening Ke7.} Bb3 87. Nd5 Kf8 88. Nc7 Ba4 89. Nd5 Bb3 90. Nb6 Ke8 91. Kc7 {Threatens to win with Nc8.} Be6 92. Nc8 {Hoping for Nd6+.} Bb3 93. Nd6+ Kf8 94. Kd8 Be6 95. Ne4 Bd5 96. Nc5 {With the idea Nd7+.} Bc4 97. Nd7+ Kg8 98. Ke7 {White wants to play Kd8.} Bb3 99. Ne5 {Black should prevent Kd7.} Ba2 100. Nf3 {next Ne5 is good for White.} Bd5 101. Nd4 {Black must now prevent Ke8.} Ba2 102. Nf5 {[#] Strongly threatening Nh6+.} Kh7 103. Kf8 {Ne7 is the strong threat.} Kg6 104. Ne7+ Kxg5 105. Kg7 Bb3 106. Nc6 Ba2 107. Ne5 Bb3 108. Nxf7+ Kf5 109. Nd6+ Kg5 110. Ne8 Bc4 111. Nd6 Bb3 112. Nc4 Bxc4 113. f7 Bxf7 $1 114. Kxf7 {Precision: White = 59%, Black = 62%.} 1/2-1/2

[Event "FIDE Zonal 2.5 Open 2019"]
[Site "Montevideo"]
[Date "2019.04.14"]
[Round "3.6"]
[White "Viera, Emilio"]
[Black "Real De Azua, Ernesto"]
[Result "1-0"]
[WhiteElo "2138"]
[BlackElo "2474"]
[Annotator "TA"]
[PlyCount "79"]
[EventDate "2019.04.13"]
[EventType "swiss"]
[EventCountry "URU"]
[SourceTitle "playchess.com"]
[Source "ChessBase"]
[SourceQuality "1"]

{[%evp 17,79,0,-2,-32,-29,-34,0,20,157,153,152,157,153,146,153,113,175,155,174,178,196,189,193,178,191,191,188,172,194,142,272,252,283,221,367,370,418,400,407,406,443,395,394,366,373,333,838,689,1076,287,279,235,371,50,349,360,537,515,723,713,943,926,768,76]} 1. c4 g6 2. Nc3 Bg7 3. g3 d6 4. Bg2 e5 5. Nf3 Nc6 6. d3 f5 7. O-O Nf6 8. Bg5 h6 9. Bxf6 Qxf6 10. Nd5 {A26: English Opening vs King's Indian with ...Nc6 and d3} Qf7 11. Rb1 Nd8 (11... O-O $15) 12. Qa4+ $11 {The position is equal.} c6 $146 {[#]} (12... Kf8 $11 {remains equal.}) ({Predecessor:} 12... Kf8 13. Nd2 Kg8 14. f4 exf4 15. Nxf4 Kh7 16. e4 c6 17. exf5 gxf5 {1-0 (32) Moser,E (2397)-Likavsky,T (2498) Austria 2008}) 13. Nb6 $1 $16 {[%cal Rb6a8][%mdl 512]} axb6 14. Qxa8 Qc7 15. b4 {[%cal Bb2b4,Bb4b5][%mdl 32]} O-O 16. a4 Ne6 (16... e4 $16 {was necessary.}) 17. a5 $18 bxa5 18. Qxa5 (18. bxa5 Nc5 $16) 18... Qe7 19. b5 c5 20. Qb6 g5 21. Kh1 h5 22. e3 Bf6 23. Nd2 ({White should try} 23. Ng1 $18) 23... h4 (23... g4 $16 24. Bd5 Kg7) 24. gxh4 g4 {intending ...e4.} 25. f3 {Black must now prevent fxg4.} gxf3 (25... g3 {was called for.} 26. hxg3 f4) 26. Rxf3 Bxh4 27. Rg1 Ng5 28. Rff1 Kh8 29. Nf3 Nxf3 30. Bxf3 (30. Rxf3 f4 $18) 30... e4 31. dxe4 f4 $2 (31... fxe4 32. Be2 Rxf1 33. Rxf1 (33. Bxf1 Bg5 $16) 33... Bf6) 32. Rg6 fxe3 33. Qxd6 $2 (33. Rfg1 {Intending Rh6+ and mate.} Rf7 34. Rxd6) 33... Qxd6 34. Rxd6 Kh7 {[#]} (34... Bf2 $142) 35. Rd5 $2 (35. Be2 $1 $18 Bf2 36. Rd5) 35... Bf2 $2 {[%mdl 8192]} ({Better is} 35... Bg4 $1 $14 36. Bxg4 (36. Kg2 Bxf3+ 37. Rxf3 e2 $11) 36... Rxf1+ 37. Kg2 Rf2+ 38. Kh3 Bf6) 36. Be2 ({Worse is} 36. Rxc5 Rxf3 37. Rxc8 (37. Rc7+ Kh6 $17) 37... e2 $17) 36... b6 (36... Kg6 {keeps fighting.} 37. Rfd1 (37. Rxc5 Bg4 $18) 37... Rf4) 37. Rfd1 {White is clearly winning.} Be6 38. Rd6 Rf6 39. Rxb6 Rg6 40. Rbd6 $2 {Accuracy: White = 71%, Black = 23%.} (40. Rc6 $18 {has better winning chances.}) 1-0

[Event "FIDE Zonal 2.5 Open 2019"]
[Site "Montevideo"]
[Date "2019.04.14"]
[Round "3.7"]
[White "Cubas, Jose Fernando"]
[Black "Lopez Azambuja, Nicolas"]
[Result "1-0"]
[WhiteElo "2505"]
[BlackElo "2328"]
[Annotator "TA"]
[PlyCount "49"]
[EventDate "2019.04.13"]
[EventType "swiss"]
[EventCountry "URU"]
[SourceTitle "playchess.com"]
[Source "ChessBase"]
[SourceQuality "1"]

{[%evp 18,49,0,-3,0,-27,-22,-31,0,6,12,0,66,67,69,69,64,64,160,153,219,214,223,205,208,206,217,210,226,215,210,210,221,202]} 1. Nc3 d5 2. d4 Nf6 3. Bg5 e6 4. e4 Bb4 5. e5 h6 6. exf6 hxg5 7. fxg7 Rg8 8. h4 gxh4 9. Qh5 Qf6 10. Nf3 Qxg7 {C12: French: Classical System: McCutcheon Variation} (10... Be7 11. Nb5 Bd8 12. Qxh4 Qxh4 13. Nxh4 Rxg7 14. Nf3 Nd7 15. Rh8+ Ke7 16. g3 b6 17. Bd3 Bb7 18. Ke2 {0-1 (68) Leroy,J (2406)-Pessoa,F (2547) ICCF email 2012}) 11. Rxh4 Nc6 12. O-O-O Bxc3 {Black is slightly better.} 13. bxc3 Bd7 14. Rf4 $146 ({Predecessor:} 14. Qh6 O-O-O 15. Qxg7 Rxg7 16. g3 Ne7 {0-1 (46) Weber,J (1865)-Schimnatkowski,L (1978) Willingen 2016}) 14... Qg6 (14... Qf8 $11) 15. Qh4 $1 $14 Qg7 16. Bb5 Rh8 17. Qg5 $1 {[%cal Rg5g7]} Qh6 ({Better is} 17... Rh7 $14) 18. Re1 $16 {White is clearly better.} a6 (18... Qxg5 $16 {keeps fighting.} 19. Nxg5 Nd8 20. Nxf7 Nxf7 21. Bxd7+ {[%mdl 64] Overworked Piece} Kxd7 22. Rxf7+ Kd6) 19. Bxc6 $18 Bxc6 20. Qxh6 Rxh6 {[#]} 21. Ng5 $1 Rg6 22. Nxf7 Ke7 23. Ne5 Rxg2 24. Rf7+ Kd6 {[#]} 25. c4 $1 {Accuracy: White = 87%, Black = 41%.} 1-0

[Event "FIDE Zonal 2.5 Open 2019"]
[Site "Montevideo"]
[Date "2019.04.14"]
[Round "3.8"]
[White "Carbone, Diego"]
[Black "Vazquez, Facundo"]
[Result "1-0"]
[WhiteElo "2277"]
[BlackElo "2009"]
[Annotator "TA"]
[PlyCount "157"]
[EventDate "2019.04.13"]
[EventType "swiss"]
[EventCountry "URU"]
[SourceTitle "playchess.com"]
[Source "ChessBase"]
[SourceQuality "1"]

{[%evp 23,157,39,38,16,0,8,13,0,23,23,26,18,31,27,24,25,83,18,34,24,28,27,62,57,77,73,75,56,100,100,100,100,137,131,203,131,145,141,188,143,131,140,170,159,183,181,190,179,586,0,118,0,599,182,198,191,196,192,193,192,172,145,192,161,163,143,177,177,170,143,143,143,143,120,143,143,143,143,206,143,206,206,205,143,143,145,303,279,381,381,466,454,352,260,248,247,346,332,468,447,758,1185,1128,1077,1141,1000,675,553,581,513,1302,1245,1054,316,301,0,865,743,1419,1157,1322,1314,920,387,29978,29979,29980,2203,5106,5097,29987,29988,29988,29985,29996,29997]} 1. d4 Nf6 2. c4 g6 3. g3 Bg7 4. Bg2 d6 5. Nc3 O-O 6. Nf3 Nbd7 7. O-O e5 8. e4 exd4 9. Nxd4 Re8 10. h3 Nc5 11. Re1 a5 12. Qc2 Ng4 {And now ...Nxf2 would win.} 13. Nce2 {E68: King's Indian: Fianchetto: 6...Nbd7 7 0-0 e5 8 e4} (13. Rd1 Ne5 14. b3 a4 15. Rb1 axb3 16. axb3 Bd7 17. Be3 Qc8 18. Kh2 Ne6 19. Nxe6 Bxe6 20. Bd4 Nd7 {½-½ (20) Troyke,C (2344)-Krivoborodov,E (2518) Fuerth 2015}) 13... Ne5 14. Rd1 Qe7 15. Be3 {The position is equal.} Nc6 $146 {[%cal Rc5e4]} ({Predecessor:} 15... c6 16. Rd2 f5 17. exf5 gxf5 18. Re1 Qf7 19. b3 Ng6 20. Rdd1 a4 {½-½ (40) Williams,A-Kavalek,L Nice 1974}) 16. Nc3 Nxd4 17. Bxd4 Be6 18. Bxg7 Kxg7 19. b3 c6 (19... Rad8 $11 {remains equal.}) 20. Rab1 (20. Rd4 $16) 20... Rad8 21. Re1 Qd7 22. Kh2 f5 23. Rbd1 fxe4 24. Nxe4 Nxe4 25. Qxe4 Qf7 26. Rxd6 {[%mdl 64] Remove Defender, Decoy} Rxd6 27. Qe5+ {[%mdl 64] Double Attack} Kg8 28. Qxd6 Bd7 (28... a4 $16 29. g4 Qe7) 29. Rd1 Bf5 30. Qc5 Be6 31. Rd2 a4 32. Qb6 Ra8 33. Rd4 Rf8 34. Rf4 Qe7 35. Re4 {Strongly threatening Rxe6!} Qf7 $2 {[#]} (35... axb3 {is tougher.} 36. axb3 Re8) 36. Rf4 $2 (36. Rxe6 $1 $18 {[%mdl 512]} axb3 (36... Qxe6 37. Bd5) 37. axb3) 36... Qe7 $1 $16 37. Re4 $2 {[%mdl 8192]} (37. Rxf8+ $16 Kxf8 38. Qd4 (38. bxa4 Bxc4 39. a3 Kg8 $16)) 37... Qf7 $1 $18 {[#]} 38. Qe3 $2 (38. Rxe6 $1 {[%mdl 512]} axb3 (38... Qxe6 39. Bd5) 39. axb3) 38... axb3 39. axb3 Re8 40. b4 Bd7 41. Rxe8+ Bxe8 42. Qe5 Qd7 43. Qb8 Kg7 44. Bf3 Bf7 45. Qe5+ Kg8 46. Qf4 Be6 47. Bg4 Bxg4 48. Qxg4 $16 {[%mdl 4096] Endgame KQ-KQ} Qe7 49. c5 Qf7 50. Qd4 Qe7 (50... h5 $16 51. Kg2 Kh7) 51. Kg2 Qf7 (51... h5 $16 {is a better defense.} 52. Kf3 Qf7+ 53. Ke3 Kh7) 52. Qe5 $18 h6 53. Qb8+ Kh7 54. Qd6 Kg8 $2 (54... h5 $16 {might work better.} 55. g4 hxg4) 55. g4 Kh7 56. Qe5 Qd7 57. Kg3 Qd3+ 58. Qe3 Qd7 59. Qe4 Qf7 (59... Qd1 $142 60. Qe6 Qg1+ 61. Kf3 Qh1+ 62. Ke2 Kg7 63. Qe7+ Kg8 64. Qe8+ (64. Qxb7 Qe4+ 65. Kd2 Qd4+ 66. Kc2 Qc4+ 67. Kb2 Qd4+ 68. Kb3 Qd1+ 69. Kc3 Qa1+ 70. Kd3 Qf1+ 71. Kc2 Qe2+ 72. Kb3 Qd1+ 73. Kc3 Qf3+ 74. Kb2 Qxf2+ 75. Kb3 Qf6 $16) 64... Kg7 65. Qe7+ Kg8 66. Qd8+ (66. Qxb7 Qe4+ 67. Kd2 Qf4+ 68. Kc2 Qxf2+ 69. Kb3 Qg2 $16) 66... Kf7) 60. h4 Kg7 (60... Kg8 $142 61. f3 h5) 61. Qe5+ Kh7 (61... Kg8 $142 62. Qf4 Qg7 63. Qc4+ Kh7) 62. h5 gxh5 63. gxh5 Qb3+ 64. Kg2 Qg8+ 65. Kh3 Qf7 {intending ...Qf3+.} 66. f4 Qd7+ (66... Kg8 $142 67. Kg3 Qb3+ 68. Kh4 Qf7) 67. Kg3 Qd3+ 68. Kh4 $2 (68. Kf2 Qd2+ 69. Kf3 Qd3+ 70. Qe3 Qd1+ 71. Qe2 Qb3+ 72. Qe3 Qd1+ 73. Qe2 Qb3+ 74. Kg4) 68... Qd8+ 69. Kg3 $2 (69. Kg4) 69... Qd3+ $1 70. Kf2 Qd2+ 71. Kf3 Qd1+ 72. Qe2 $1 {[%cal Re2d1]} Qh1+ 73. Ke3 (73. Kg4 $142 Kh8 74. Qe8+ Kg7 75. Qg6+ Kf8 76. Qxh6+ Kf7 77. Qg6+ Ke7 78. Qg7+ Ke8 79. Qxb7) 73... Qc1+ $2 {[#]} (73... Qg1+ $18 74. Kf3 Kg8 75. Qg2+ Qxg2+ 76. Kxg2 Kf7) 74. Ke4 $1 {[%cal Re4f5]} Qh1+ 75. Qf3 (75. Kf5 $142 Qh4 76. Qg4 Qh2 77. Qg6+ Kh8 78. Qxh6+ Kg8 79. Kg6 Qc2+ 80. f5 Qg2+ 81. Qg5 Qxg5+ 82. Kxg5) 75... Qe1+ {[#]} 76. Kf5 $1 Qxb4 77. Qe3 {White mates.} Qb1+ 78. Qe4 Qf1 79. Kf6+ {Accuracy: White = 62%, Black = 30%.} 1-0